The adventures of Sherlock Holmes in Minnesota : an international conference, Sept. 28-29, 1984, Minneapolis /

Conference poster with the image of a wood engraving depicting Sherlock Holmes' study with books and pipe.

Bibliographic Details
Main Author: Feigenbaum, Dennis S. (Dennis Stephen)
Corporate Authors: University of Minnesota, Saint Paul Public Library, Minneapolis Public Library, BSI Scion Society, F.R. Bigelow Foundation, Daedalus Press
Other Authors: Moser, Barry
Format: Photo
Language:English
Published: [Minneapolis] : Daedalus Press, [1984]
Subjects:

MARC

Tag First Indicator Second Indicator Subfields
LEADER 00000ckm a2200000Ia 4500
001 in00002462221
005 20151110084348.0
007 kf zo|
008 090326s1984 mnunnn cneng d
035 |a (OCoLC)ocn317153781 
035 |a (OCoLC)317153781 
040 |a TXA  |c TXA  |d UtOrBLW 
043 |a n-us--- 
049 |a TXAM 
090 |a PR4624  |b .F45 1984 
100 1 |a Feigenbaum, Dennis S.  |q (Dennis Stephen) 
245 1 4 |a The adventures of Sherlock Holmes in Minnesota :  |b an international conference, Sept. 28-29, 1984, Minneapolis /  |c designed by D.S. Feigenbaum. 
264 1 |a [Minneapolis] :  |b Daedalus Press,  |c [1984] 
300 |a 1 poster :  |b red, black and brown ;  |c 85 x 48 cm. 
336 |a still image  |b sti  |2 rdacontent 
337 |a unmediated  |b n  |2 rdamedia 
338 |a sheet  |b nb  |2 rdacarrier 
500 |a "Sponsored by: the University of Minnesota, the St. Paul Public Library, the Minneapolis Public Library, BSI Scion Society, and F.R. Bigelow Foundation." 
500 |a "The illustration is from a wood engraving by Barry Moser." 
500 |a The Cushing Library/Lit./Mitchell copy is signed by Barry Moser and is number 80 of 350. 
520 |a Conference poster with the image of a wood engraving depicting Sherlock Holmes' study with books and pipe. 
500 |a Graphic. 
600 1 0 |a Holmes, Sherlock  |x Congresses. 
600 1 0 |a Holmes, Sherlock  |x Art. 
600 1 0 |a Doyle, Arthur Conan,  |d 1859-1930  |x Characters  |x Sherlock Holmes  |x Congresses. 
600 1 0 |a Holmes, Sherlock  |x Homes and haunts  |v Pictorial works. 
650 0 |a Detectives in literature  |x Congresses. 
650 0 |a Wood-engraving, American  |y 20th century. 
700 1 |a Moser, Barry. 
710 2 |a University of Minnesota. 
710 2 |a Saint Paul Public Library. 
710 2 |a Minneapolis Public Library. 
710 2 |a BSI Scion Society. 
710 2 |a F.R. Bigelow Foundation. 
710 2 |a Daedalus Press. 
994 |a C0  |b TXA 
948 |a cataloged  |b h  |c 2009/3/26  |d o  |e jho  |f 2:57:03 pm 
999 |a MARS 
999 f f |s 8c668cde-a923-3691-bd48-9b037d840cea  |i 40159f84-76b5-33c6-b9ec-da6e0d5fe5ec  |t 0 
952 f f |p noncirc  |a Texas A&M University  |b College Station  |c Cushing Memorial Library & Archives  |d Cushing: Literature/Mitchell (Does not check out)  |t 0  |e PR4624 .F45 1984  |h Library of Congress classification  |i unmediated -- sheet 
998 f f |a PR4624 .F45 1984  |t 0  |l Cushing: Literature/Mitchell (Does not check out)